| 000 | 00633cab a2200181 4500 | ||
|---|---|---|---|
| 001 | L130836 | ||
| 008 | 050905n2005 000 0 eng u | ||
| 035 | _a(Sirsi) u130836 | ||
| 041 | 0 | _aeng | |
| 100 | 1 | _aMcCloskey, Jarlath | |
| 245 | 0 | 0 | _aInto the woods |
| 260 | _c2005 | ||
| 490 |
_aTaxation _v155(4023) 1 September 2005, 611-613(3) |
||
| 520 | _aDiscusses taxation in relation to woodlands. Examines what is covered by the definition of woodlands, tree-farming and coppicing. Contains relevant case law. | ||
| 590 | _aIKA130905 | ||
| 690 | _aPROPERTY-RURAL AND NATURAL ASSETS-RURAL AND NATURAL ASSET TAXATION | ||
| 942 | _n0 | ||
| 999 |
_c75821 _d75821 |
||